Central Asia Quiz - Statistics

General Stats
  • This quiz has been taken 9 times
  • The average score is 5 of 10
Answer Stats
Question Answer % Correct
Ruled by a crazy dictator who has made statues of himself, and has strict rules on car colors Turkmenistan
100%
Home to minority areas such as the cities of Samarkand, Khiva, and Bukhara, or the region of Karakalpakstan Uzbekistan
78%
It speaks mostly a Persian language Tajikistan
67%
Home to Lake Balkhash Kazakhstan
56%
Home to Issyk-Kul Kyrgyzstan
56%
Shares the Fergana Valley with Kyrgyzstan and Tajikistan Uzbekistan
56%
Is home to the Shia Muslim Gorno-Badakhshan Tajikistan
44%
Used to be ruled under the Transcaspian Oblast Turkmenistan
22%
Is 93% mountainous with only 6% of land suitable for farm land Kazakhstan
0%
It split the Ariel Sea with Kazakhstan Kyrgyzstan
0%
No matching quizzes found
Score Distribution
Percent of People with Each Score
Percentile by Number Answered
Your Score History
You have not taken this quiz